| 000 | 00671nam a2200241Ia 4500 | ||
|---|---|---|---|
| 003 | OSt | ||
| 005 | 20220923224020.0 | ||
| 006 | a|||||r|||| 00| 0 | ||
| 007 | ta | ||
| 008 | Pun | ||
| 024 | _a224,070 | ||
| 037 | _cTextual | ||
| 040 |
_aARTS _cARTS _bPun |
||
| 041 |
_2Pun _aPun |
||
| 082 | _a4, 153K2 | ||
| 100 | _aਕੁਲਦੀਪ ਸਿੰਘ | ||
| 245 | 0 | _aਪੱਤਰਕਾਰੀ | |
| 260 |
_aਨਵੀਜ਼ ਦਿੱਲੀ _b ਪੰਜਾਬੀ ਸਾਹਿਤ ਸਭਾ _c1962 |
||
| 300 |
_a226ਪੰ _ccm. |
||
| 650 | _aਪਤਰਕਾਰਿਤਾ | ||
| 942 |
_h4, 153K2 _cTEXL _2CC |
||
| 999 |
_c368686 _d368686 |
||